| 000 | 01758 a2200241 4500 | ||
|---|---|---|---|
| 003 | UA-OsUOA | ||
| 005 | 20200914135913.0 | ||
| 008 | 200914b un ||||| |||| 00| 0 ukr d | ||
| 020 | _a9786176422389 | ||
| 040 |
_aUA-OsUOA _bukr _cUA-OsUOA _dUA-OsUOA |
||
| 041 | _aukr | ||
| 080 | _a908(477.81)(091) | ||
| 090 |
_a908(477.81)(091) _bФ 33 |
||
| 100 | _aФедоришин М. | ||
| 245 |
_aІсторія монастиря у Пересопниці _cМикола Федоришин |
||
| 260 |
_c2016 _aПересопниця |
||
| 300 |
_a32 с. _eіл. |
||
| 520 | _aПересопницький монастир став відомим завдяки створенню у його стінах в 1561 році визначної пам'ятки української мови та культури "Пересопницьке Євангелія". На основі археологічних досліджень та письмових джерел автор досить переконливо проводить дискурс історичного минулого від давньоруського до модерного часу на подіях, що пов'язані з діяльністю Пересопницького монастиря з церквою во ім'я Різдва Богородиці. Видання буде корисним історикам, культурологам, краєзнавцям, всім, хто цікавиться культурною спадщиною України. | ||
| 650 |
_2UDC _a908 Краєзнавство |
||
| 942 |
_cBK _2udc |
||
| 955 | _a4 | ||
| 999 |
_c463278 _d463278 |
||